000
00310nam a2200133Ia 4500
008
260604s9999 xx 000 0 und d
020
_a
9780340894576
082
_a
823.91 BLY
100
_a
BLYTON
_9
35387
245
0
_a
FAMOUS FIVE 4 FIVE GO TO SMUGGLERS TOP
260
_b
HAC
500
_a
Famous
942
_c
BK
999
_c
8200
_d
8200